<?xml version="1.0" encoding="UTF-8"?>
<marc:record xmlns:marc="http://www.loc.gov/MARC21/slim">
   <marc:leader>00000nam a2200000 a 4500</marc:leader>
   <marc:datafield ind1="1" ind2=" " tag="100">
      <marc:subfield code="a">Hammesfahr, Petra</marc:subfield>
      <marc:subfield code="4">aut</marc:subfield>
      <marc:subfield code="e">Verfasser/-in</marc:subfield>
   </marc:datafield>
   <marc:datafield ind1="0" ind2="0" tag="245">
      <marc:subfield code="a">Der Puppengräber</marc:subfield>
   </marc:datafield>
   <marc:datafield ind1="0" ind2="0" tag="245">
      <marc:subfield code="b">Roman</marc:subfield>
   </marc:datafield>
   <marc:datafield ind1="0" ind2="0" tag="245">
      <marc:subfield code="c">Petra Hammesfahr</marc:subfield>
   </marc:datafield>
   <marc:datafield ind1=" " ind2="1" tag="264">
      <marc:subfield code="a">Reinbek bei Hamburg</marc:subfield>
      <marc:subfield code="b">Rowohlt</marc:subfield>
      <marc:subfield code="c">2011</marc:subfield>
   </marc:datafield>
   <marc:datafield ind1="1" ind2=" " tag="520">
      <marc:subfield code="a">Angaben aus der Verlagsmeldung

Der Puppengräber / von Petra Hammesfahr

Wo sind all die Mädchen hin?

Zweiundzwanzig Jahre ist Ben alt, doch er hat den Verstand eines Zweijährigen. Der geistig behinderte junge Mann wächst auf dem Land auf. Vielen Dorfbewohnern ist er ein Dorn im Auge. Aber Mutter Trude behütet ihn, so gut sie kann, nimmt ihn vor Anfeindungen in Schutz und lässt ihm die Freiheit, in der Natur herumzustreunen. Von seinen Streifzügen bringt Ben immer öfter makabere Fundstücke mit, die bei Trude einen furchtbaren Verdacht keimen lassen. Und als im Sommer mehrere junge Mädchen verschwinden, sucht das Dorf einen Schuldigen …

«Eine deutsche Autorin, die dem Abgründigen ihrer anglo-amerikanischen Thriller-Kolleginnen ebenbürtig ist.» (Welt am Sonntag)
</marc:subfield>
   </marc:datafield>
   <marc:datafield ind1=" " ind2=" " tag="020">
      <marc:subfield code="a">9783499257049</marc:subfield>
      <marc:subfield code="9">9783499257049</marc:subfield>
   </marc:datafield>
   <marc:datafield ind1=" " ind2=" " tag="041">
      <marc:subfield code="a">ger</marc:subfield>
   </marc:datafield>
   <marc:datafield ind1=" " ind2=" " tag="300">
      <marc:subfield code="a">414 S.</marc:subfield>
   </marc:datafield>
</marc:record>
